[Event "Madrid-chT 1920"]
[Site "Madrid"]
[Date "2020.01.12"]
[Round "4.1"]
[White "Pulvett Marin, Daniel Eduardo"]
[Black "Alcazar Jimenez, Victor Manuel"]
[Result "1-0"]
[WhiteElo "2486"]
[BlackElo "2364"]
[PlyCount "111"]
[EventDate "2019.11.24"]
[EventType "team-tourn"]
[EventRounds "14"]
[EventCountry "ESP"]
[SourceVersionDate "2019.11.24"]
[WhiteTeam "Collado Villalba"]
[BlackTeam "Getafe"]
[WhiteTeamCountry "ESP"]
[BlackTeamCountry "ESP"]

1. d4 e6 2. c4 a6 3. e4 d5 4. exd5 exd5 5. Nc3 Nf6 6. Nf3 Be7 7. cxd5 O-O 8.
Bc4 Nbd7 9. O-O Nb6 10. Bb3 Nbxd5 11. Re1 c6 12. Ne5 Be6 13. Bg5 Nc7 14. Bc2 g6
15. Qf3 Nfd5 16. Bh6 Re8 17. Rad1 Nxc3 18. bxc3 Bg5 19. Bxg5 Qxg5 20. Bb3 Bxb3
21. axb3 Re7 22. Re4 Rf8 23. Rde1 f6 24. h4 Qf5 25. Rf4 Qe6 26. Nd3 Qf7 27.
Rxe7 Qxe7 28. Re4 Qf7 29. c4 Re8 30. Nc5 f5 31. Rxe8+ Nxe8 32. Qe3 b5 33. cxb5
axb5 34. Qe5 h6 35. Kf1 Kh7 36. Ke2 Nf6 37. Qd6 Qe8+ 38. Kd1 Nd5 39. Ne6 Nb6
40. Qe5 Qe7 41. h5 gxh5 42. Qxf5+ Kg8 43. Qg6+ Kh8 44. Qxh6+ Kg8 45. Qg6+ Kh8
46. Qxh5+ Kg8 47. Qg6+ Kh8 48. Qh5+ Kg8 49. Qg6+ Kh8 50. f4 Nc4 51. bxc4 Qb4
52. Kc2 Qxc4+ 53. Kd2 Qb4+ 54. Ke2 Qb2+ 55. Kf3 Qb3+ 56. Kf2 1-0

[Event "Madrid-chT 1920"]
[Site "Madrid"]
[Date "2020.01.12"]
[Round "4.2"]
[White "Gago Padreny, Ignacio"]
[Black "Moreno Ruiz, Javier"]
[Result "1/2-1/2"]
[WhiteElo "2292"]
[BlackElo "2440"]
[PlyCount "153"]
[EventDate "2019.11.24"]
[EventType "team-tourn"]
[EventRounds "14"]
[EventCountry "ESP"]
[SourceVersionDate "2019.11.24"]
[WhiteTeam "Getafe"]
[BlackTeam "Collado Villalba"]
[WhiteTeamCountry "ESP"]
[BlackTeamCountry "ESP"]

1. d4 Nf6 2. c4 e6 3. Nc3 Bb4 4. Qc2 d6 5. Nf3 Nbd7 6. g3 e5 7. Bg2 c6 8. O-O
O-O 9. a3 Bxc3 10. Qxc3 e4 11. Ne1 d5 12. b3 Re8 13. Nc2 Nf8 14. a4 h6 15. a5
a6 16. Qb4 Ng6 17. h3 Be6 18. c5 Qd7 19. Kh2 h5 20. h4 Ng4+ 21. Kg1 Bf5 22. Qc3
Nf6 23. Kh2 Qc7 24. Kg1 Qd7 25. Kh2 Re6 26. Ne3 Ng4+ 27. Nxg4 Bxg4 28. Ra2 Rae8
29. Kg1 R6e7 30. Kh2 f6 31. Rh1 Qc7 32. Rf1 e3 33. f4 Nh8 34. Rf3 Nf7 35. Rxe3
Rxe3 36. Bxe3 Qe7 37. Bf2 Bxe2 38. Ra1 Nh6 39. Re1 Qd7 40. Qd2 Bg4 41. Rxe8+
Qxe8 42. Qe3 Qd7 43. Kg1 Bf5 44. Bf3 Ng4 45. Qe1 Kf8 46. Qe2 Qf7 47. Qe1 Qg6
48. Qb4 Be4 49. Be2 Qf7 50. Qb6 Qd7 51. Bf1 Kf7 52. Bh3 Bf3 53. Qb4 Kg8 54. Qc3
Be4 55. Qb4 Qe7 56. Qe1 Qf7 57. Qb4 Kh7 58. Qd2 Qg6 59. Qb4 Bf3 60. Qe1 Qc2 61.
Bg2 Bxg2 62. Kxg2 Kh6 63. b4 f5 64. Kg1 Qe4 65. Qd2 Kg6 66. Be1 Kf7 67. Bf2 Nf6
68. Qd1 g6 69. Qe1 Ng4 70. Qd2 Qb1+ 71. Qe1 Qb2 72. Kf1 Nxf2 73. Qe5 Ne4 74.
Qc7+ Kf6 75. Qd8+ Kg7 76. Qe7+ Kh6 77. Qf8+ 1/2-1/2

[Event "Madrid-chT 1920"]
[Site "Madrid"]
[Date "2020.01.12"]
[Round "4.3"]
[White "Martin Duque, Jesus"]
[Black "Walter, Florian"]
[Result "1-0"]
[WhiteElo "2447"]
[BlackElo "2207"]
[PlyCount "79"]
[EventDate "2019.11.24"]
[EventType "team-tourn"]
[EventRounds "14"]
[EventCountry "ESP"]
[SourceVersionDate "2019.11.24"]
[WhiteTeam "Collado Villalba"]
[BlackTeam "Getafe"]
[WhiteTeamCountry "ESP"]
[BlackTeamCountry "ESP"]

1. e4 c5 2. Nf3 g6 3. c4 Bg7 4. d4 cxd4 5. Nxd4 Nc6 6. Be3 Qb6 7. Nb3 Qd8 8.
Qd2 d6 9. Nc3 Nf6 10. f3 O-O 11. Be2 a5 12. O-O a4 13. Nd4 Nxd4 14. Bxd4 Qa5
15. Rad1 Be6 16. f4 Rfc8 17. b3 axb3 18. axb3 Qb4 19. f5 Bd7 20. Bxf6 Bxf6 21.
Nd5 Qxd2 22. Nxf6+ exf6 23. Rxd2 gxf5 24. Rxd6 Bc6 25. Rxf5 Bxe4 26. Rfxf6 Ra2
27. Rf2 Rca8 28. Rd4 f5 29. Bd3 Rxf2 30. Kxf2 Ra2+ 31. Ke3 Bxg2 32. b4 Kf7 33.
Bxf5 h5 34. Rd6 Bf1 35. c5 Rxh2 36. Be4 Re2+ 37. Kd4 Rb2 38. Rb6 h4 39. Ke5 Re2
40. Rf6+ 1-0

[Event "Madrid-chT 1920"]
[Site "Madrid"]
[Date "2020.01.12"]
[Round "4.4"]
[White "Garcia Salamero, Gabriel"]
[Black "Quispe Arteaga, Gabriel"]
[Result "0-1"]
[WhiteElo "2185"]
[BlackElo "2412"]
[PlyCount "98"]
[EventDate "2019.11.24"]
[EventType "team-tourn"]
[EventRounds "14"]
[EventCountry "ESP"]
[SourceVersionDate "2019.11.24"]
[WhiteTeam "Getafe"]
[BlackTeam "Collado Villalba"]
[WhiteTeamCountry "ESP"]
[BlackTeamCountry "ESP"]

1. e4 c5 2. Nf3 e6 3. d4 cxd4 4. Nxd4 Nc6 5. Nc3 Qc7 6. Nde2 a6 7. g3 Nf6 8.
Bg2 Be7 9. O-O O-O 10. h3 b5 11. a3 Bb7 12. Be3 Ne5 13. b3 Rac8 14. f4 Bc5 15.
Bd4 Ng6 16. Kh2 Bxd4 17. Qxd4 e5 18. fxe5 Qxe5 19. Rad1 Rfe8 20. Rf5 Qxd4 21.
Rxd4 Ne7 22. Rf4 Nc6 23. Rd2 Ne5 24. Rd4 Rc5 25. g4 h5 26. gxh5 Nxh5 27. Rf2
Rec8 28. Rd2 g6 29. Nd1 Rxc2 30. Ng3 Rxd2 31. Rxd2 Nf4 32. Bh1 Kg7 33. Ne2 Nxe2
34. Rxe2 Rc1 35. Ne3 Rc3 36. b4 Rxa3 37. Nc2 Rc3 38. Bg2 Rc4 39. Kg3 Nd3 40.
Rd2 Nxb4 41. Ne3 Rc3 42. Kf4 Nd3+ 43. Kg5 Ne5 44. Kf4 f6 45. Ng4 Rd3 46. Rc2
Nc4 47. Nxf6 Kxf6 48. e5+ Nxe5 49. Bxb7 d5 0-1

[Event "Madrid-chT 1920"]
[Site "Madrid"]
[Date "2020.01.12"]
[Round "4.5"]
[White "Suarez Uriel, Adrian"]
[Black "Garcia Dorado, Alberto"]
[Result "1/2-1/2"]
[WhiteElo "2362"]
[BlackElo "2152"]
[PlyCount "105"]
[EventDate "2019.11.24"]
[EventType "team-tourn"]
[EventRounds "14"]
[EventCountry "ESP"]
[SourceVersionDate "2019.11.24"]
[WhiteTeam "Collado Villalba"]
[BlackTeam "Getafe"]
[WhiteTeamCountry "ESP"]
[BlackTeamCountry "ESP"]

1. e4 e6 2. d4 d5 3. Nc3 Bb4 4. e5 c5 5. a3 Bxc3+ 6. bxc3 Ne7 7. Qg4 O-O 8. Bd3
Nbc6 9. Bg5 Qa5 10. Ne2 Qa4 11. Bxh7+ Kxh7 12. Bxe7 Nxe7 13. Qh4+ Kg8 14. Qxe7
b6 15. O-O Ba6 16. Rfe1 Bxe2 17. Rxe2 cxd4 18. cxd4 Qxd4 19. Rae1 Rfc8 20. Re3
Rc3 21. h4 Rac8 22. Rxc3 Qxc3 23. Re3 Qxc2 24. Rf3 Rf8 25. h5 d4 26. Qg5 Rc8
27. Kh2 Qh7 28. Rg3 Kf8 29. Rg4 d3 30. Rd4 Ke8 31. g4 Qh6 32. Qxh6 gxh6 33.
Rxd3 Rc5 34. f4 Ke7 35. Kg3 Kf8 36. Kh4 Rc4 37. Rf3 Re4 38. g5 Kg7 39. Kg4 Re1
40. Rg3 Rf1 41. Rg2 Rd1 42. f5 exf5+ 43. Kxf5 hxg5 44. Rxg5+ Kh6 45. Kf6 Rc1
46. Rf5 Rc7 47. a4 a6 48. Rf2 b5 49. a5 b4 50. e6 fxe6 51. Kxe6 b3 52. Kd5 Rb7
53. Rb2 1/2-1/2

[Event "Madrid-chT 1920"]
[Site "Madrid"]
[Date "2020.01.12"]
[Round "4.6"]
[White "Guerrero Villanueva, David"]
[Black "Lianes Garcia, Marcos"]
[Result "0-1"]
[WhiteElo "1997"]
[BlackElo "2354"]
[PlyCount "78"]
[EventDate "2019.11.24"]
[EventType "team-tourn"]
[EventRounds "14"]
[EventCountry "ESP"]
[SourceVersionDate "2019.11.24"]
[WhiteTeam "Getafe"]
[BlackTeam "Collado Villalba"]
[WhiteTeamCountry "ESP"]
[BlackTeamCountry "ESP"]

1. d4 Nf6 2. c4 e6 3. Nf3 b6 4. Nc3 Bb7 5. Qc2 Bb4 6. Nd2 c5 7. a3 Bxc3 8. bxc3
d6 9. e4 Nbd7 10. Be2 e5 11. d5 Nf8 12. Nf1 Ng6 13. h4 h6 14. g3 Qc7 15. Ne3
O-O-O 16. Nf5 Rdg8 17. h5 Ne7 18. g4 Nxf5 19. gxf5 g6 20. fxg6 fxg6 21. hxg6
Rxg6 22. Be3 h5 23. O-O-O h4 24. Bf1 Kb8 25. Bh3 Bc8 26. Bf5 Bxf5 27. exf5 Rg4
28. Qe2 Qd7 29. f3 Rg7 30. Qd3 h3 31. Rdg1 Rxg1+ 32. Bxg1 Qg7 33. Qf1 Qg5+ 34.
Kb2 Qxf5 35. Qf2 Qf4 36. Qe2 Rh4 37. Kb3 Qc1 38. Qe3 Qb1+ 39. Ka4 Rxc4# 0-1

[Event "Madrid-chT 1920"]
[Site "Madrid"]
[Date "2020.01.12"]
[Round "4.1"]
[White "Reyes Larena, Juan"]
[Black "Elissalt Cardenas, Hector"]
[Result "1-0"]
[WhiteElo "2449"]
[BlackElo "2270"]
[PlyCount "49"]
[EventDate "2019.11.24"]
[EventType "team-tourn"]
[EventRounds "14"]
[EventCountry "ESP"]
[SourceVersionDate "2019.11.24"]
[WhiteTeam "San Sebastian de los Reyes"]
[BlackTeam "Tajamar"]
[WhiteTeamCountry "ESP"]
[BlackTeamCountry "ESP"]

1. e4 d6 2. d4 Nf6 3. Nd2 c6 4. Ngf3 g6 5. h3 Bg7 6. c3 O-O 7. Bd3 Nbd7 8. O-O
e5 9. Re1 Nh5 10. Bf1 Qe7 11. a4 a5 12. Nc4 Re8 13. dxe5 dxe5 14. Bg5 Bf6 15.
Be3 Ng7 16. Qd6 Ne6 17. Qxe7 Rxe7 18. Red1 Kg7 19. Nd6 Ndc5 20. Bc4 h6 21. b4
axb4 22. cxb4 Nd7 23. Bxe6 fxe6 24. a5 g5 25. Rab1 1-0

[Event "Madrid-chT 1920"]
[Site "Madrid"]
[Date "2020.01.12"]
[Round "4.2"]
[White "Rodriguez Lopez, David"]
[Black "Reyes Penas, Sebastian"]
[Result "0-1"]
[WhiteElo "2160"]
[BlackElo "2215"]
[PlyCount "76"]
[EventDate "2019.11.24"]
[EventType "team-tourn"]
[EventRounds "14"]
[EventCountry "ESP"]
[SourceVersionDate "2019.11.24"]
[WhiteTeam "Tajamar"]
[BlackTeam "San Sebastian de los Reyes"]
[WhiteTeamCountry "ESP"]
[BlackTeamCountry "ESP"]

1. e4 c5 2. Nc3 Nc6 3. Bb5 Nd4 4. Nf3 g6 5. Nxd4 cxd4 6. Ne2 Bg7 7. O-O a6 8.
Bc4 b5 9. Bd5 Rb8 10. c3 dxc3 11. dxc3 Nf6 12. Bf4 d6 13. Bb3 Qc7 14. f3 O-O
15. Bg3 Nd7 16. Nf4 Bb7 17. Nd5 Bxd5 18. Qxd5 a5 19. f4 a4 20. Bd1 a3 21. bxa3
Qxc3 22. Rb1 Nf6 23. Qb3 Nxe4 24. Be1 Qc4 25. Qxc4 bxc4 26. Rc1 d5 27. Bf3 f5
28. Rd1 e6 29. Bb4 Rfc8 30. g4 Bf8 31. Bxe4 fxe4 32. Bc3 Bg7 33. Bb4 c3 34. Bd6
Rb6 35. Be5 Bxe5 36. fxe5 c2 37. Rc1 d4 38. Kf2 Rf8+ 0-1

[Event "Madrid-chT 1920"]
[Site "Madrid"]
[Date "2020.01.12"]
[Round "4.3"]
[White "Martinez Fernandez, Raul"]
[Black "Mkrtchyan, Levon"]
[Result "1-0"]
[WhiteElo "2192"]
[BlackElo "2214"]
[PlyCount "59"]
[EventDate "2019.11.24"]
[EventType "team-tourn"]
[EventRounds "14"]
[EventCountry "ESP"]
[SourceVersionDate "2019.11.24"]
[WhiteTeam "San Sebastian de los Reyes"]
[BlackTeam "Tajamar"]
[WhiteTeamCountry "ESP"]
[BlackTeamCountry "ESP"]

1. e4 e6 2. Qe2 c5 3. Nf3 Nc6 4. c3 Be7 5. g3 Nf6 6. Bg2 O-O 7. O-O d5 8. d3 b6
9. Re1 Ba6 10. e5 Nd7 11. h4 Qc7 12. Bf4 b5 13. Nbd2 Rab8 14. a3 Bb7 15. Nh2 a5
16. Qh5 Rfc8 17. Ng4 Qd8 18. Nf3 Nf8 19. Bg5 Ra8 20. Bf6 gxf6 21. exf6 Bxf6 22.
Nh6+ Kg7 23. Qxf7+ Kxh6 24. Nh2 Bxh4 25. f4 Ng6 26. Ng4+ Kh5 27. Qxh7+ Kxg4 28.
Qxg6+ Bg5 29. Kf2 Ne5 30. Bh3+ 1-0

[Event "Madrid-chT 1920"]
[Site "Madrid"]
[Date "2020.01.12"]
[Round "4.4"]
[White "Ingunza Curro, Andres"]
[Black "Quevedo Marin, Manuel"]
[Result "1/2-1/2"]
[WhiteElo "2120"]
[BlackElo "2208"]
[PlyCount "50"]
[EventDate "2019.11.24"]
[EventType "team-tourn"]
[EventRounds "14"]
[EventCountry "ESP"]
[SourceVersionDate "2019.11.24"]
[WhiteTeam "Tajamar"]
[BlackTeam "San Sebastian de los Reyes"]
[WhiteTeamCountry "ESP"]
[BlackTeamCountry "ESP"]

1. e4 e5 2. Nf3 Nc6 3. Bc4 Bc5 4. d3 Nf6 5. h3 O-O 6. Bb3 Nd4 7. Nxd4 Bxd4 8.
O-O d5 9. exd5 Nxd5 10. Qf3 c6 11. Re1 Re8 12. Nd2 f6 13. Nf1 Be6 14. Ng3 Qd7
15. c3 Bb6 16. Bd2 Rad8 17. Rad1 Kh8 18. Re4 Bf7 19. Bc2 Bg6 20. Re2 Ne7 21.
Be3 Bxe3 22. fxe3 Qd5 23. Qxd5 Rxd5 24. e4 Rd7 25. d4 Bf7 1/2-1/2

[Event "Madrid-chT 1920"]
[Site "Madrid"]
[Date "2020.01.12"]
[Round "4.5"]
[White "Alfaya Marcelo, Roberto"]
[Black "Martinez Aragon, Aitor"]
[Result "1/2-1/2"]
[WhiteElo "2148"]
[BlackElo "2034"]
[PlyCount "132"]
[EventDate "2019.11.24"]
[EventType "team-tourn"]
[EventRounds "14"]
[EventCountry "ESP"]
[SourceVersionDate "2019.11.24"]
[WhiteTeam "San Sebastian de los Reyes"]
[BlackTeam "Tajamar"]
[WhiteTeamCountry "ESP"]
[BlackTeamCountry "ESP"]

1. d4 Nf6 2. c4 e6 3. Nc3 Bb4 4. Qc2 b6 5. e4 c5 6. e5 cxd4 7. a3 Bxc3+ 8. bxc3
Ng8 9. cxd4 Bb7 10. Be3 Ne7 11. Ne2 Nbc6 12. Ng3 d6 13. exd6 Qxd6 14. Qb2 O-O
15. Be2 Na5 16. Qb4 Qc7 17. O-O Rac8 18. Rac1 Ba6 19. Rfd1 Bxc4 20. Bxc4 Nxc4
21. Rxc4 Qxc4 22. Qxe7 Qa4 23. Rf1 Rc3 24. Nh5 Qc2 25. d5 Rc7 26. Qd6 exd5 27.
Qe5 f6 28. Qxd5+ Kh8 29. h4 Qc6 30. Qd2 Rd7 31. Rc1 Qb5 32. Qb4 Qxb4 33. axb4
a5 34. Nf4 Kg8 35. Bxb6 axb4 36. Rb1 Rb8 37. Bc5 Kf7 38. Rb3 Rb5 39. Be3 Rd1+
40. Kh2 g5 41. hxg5 fxg5 42. Nd3 Kg6 43. Rxb4 Rxb4 44. Nxb4 h6 45. Nc6 Rb1 46.
Nd4 Rb4 47. Kg3 Ra4 48. Kf3 Rb4 49. g3 Ra4 50. g4 Rb4 51. Nc6 Ra4 52. Bd4 Kh7
53. Ke4 Ra6 54. Nb4 Ra4 55. Nd5 Kg6 56. Ne7+ Kf7 57. Nc6 Kg6 58. Ne7+ Kf7 59.
Nc6 Kg6 60. Ne5+ Kf6 61. Nc6+ Kg6 62. Kd5 Ra3 63. Ke6 Ra4 64. Ne5+ Kg7 65. Be3
Ra6+ 66. Ke7 Ra4 1/2-1/2

[Event "Madrid-chT 1920"]
[Site "Madrid"]
[Date "2020.01.12"]
[Round "4.6"]
[White "Sahuquillo Cruz, Alejandro"]
[Black "Hernandez Ramos, David"]
[Result "1/2-1/2"]
[WhiteElo "1972"]
[BlackElo "2051"]
[PlyCount "97"]
[EventDate "2019.11.24"]
[EventType "team-tourn"]
[EventRounds "14"]
[EventCountry "ESP"]
[SourceVersionDate "2019.11.24"]
[WhiteTeam "Tajamar"]
[BlackTeam "San Sebastian de los Reyes"]
[WhiteTeamCountry "ESP"]
[BlackTeamCountry "ESP"]

1. e4 e6 2. d4 d5 3. Nd2 c5 4. exd5 Qxd5 5. dxc5 Bxc5 6. Ngf3 Nc6 7. Bc4 Qd7 8.
O-O Nf6 9. Qe2 a6 10. Rd1 Qc7 11. Nb3 Bd6 12. a4 b6 13. Bg5 Ng4 14. h3 Nge5 15.
Rxd6 Nxc4 16. Rdd1 N4a5 17. Nxa5 bxa5 18. Ra3 O-O 19. Qc4 Bb7 20. Rc3 Rfc8 21.
Qg4 f5 22. Qc4 Qf7 23. Qb3 h6 24. Be3 Nb4 25. Ne5 Qe8 26. Rxc8 Rxc8 27. Rd2 Rb8
28. c3 Nd5 29. Qc4 Nxe3 30. fxe3 Bd5 31. Qd4 Qc8 32. Ng6 Rb7 33. Nf4 Bb3 34.
Kf2 Qc7 35. Nd3 Bd5 36. Ne5 Qb8 37. c4 Rb4 38. Qc3 Be4 39. c5 Bd5 40. Kg1 Qc7
41. Nd3 Rxa4 42. Nf4 Rc4 43. Nxd5 exd5 44. Qd3 Rxc5 45. Qxf5 Qe7 46. Rxd5 Qxe3+
47. Kh2 Rxd5 48. Qxd5+ Kh8 49. Qxa5 1/2-1/2

[Event "Madrid-chT 1920"]
[Site "Madrid"]
[Date "2020.01.11"]
[Round "4.1"]
[White "Espinosa Aranda, Angel"]
[Black "Gascon del Nogal, Jose Rafael"]
[Result "1/2-1/2"]
[WhiteElo "2504"]
[BlackElo "2466"]
[PlyCount "39"]
[EventDate "2019.11.24"]
[EventType "team-tourn"]
[EventRounds "14"]
[EventCountry "ESP"]
[SourceVersionDate "2019.11.24"]
[WhiteTeam "Virgen de Atocha"]
[BlackTeam "Villalba 64"]
[WhiteTeamCountry "ESP"]
[BlackTeamCountry "ESP"]

1. d4 Nf6 2. c4 e6 3. g3 d5 4. Nf3 Bb4+ 5. Bd2 Be7 6. Bg2 O-O 7. Qc2 Nbd7 8.
O-O Ne4 9. Nc3 Nxd2 10. Nxd2 c6 11. e4 dxc4 12. Nxc4 Nb6 13. Qd3 Nxc4 14. Qxc4
Qb6 15. Na4 Qb5 16. Qxb5 cxb5 17. Nc3 b4 18. Ne2 Bd7 19. Rfc1 Bb5 20. Bf3
1/2-1/2

[Event "Madrid-chT 1920"]
[Site "Madrid"]
[Date "2020.01.11"]
[Round "4.2"]
[White "Valles Moreno, Ivan"]
[Black "Almagro Llamas, Pablo"]
[Result "1-0"]
[WhiteElo "2406"]
[BlackElo "2471"]
[PlyCount "71"]
[EventDate "2019.11.24"]
[EventType "team-tourn"]
[EventRounds "14"]
[EventCountry "ESP"]
[SourceVersionDate "2019.11.24"]
[WhiteTeam "Villalba 64"]
[BlackTeam "Virgen de Atocha"]
[WhiteTeamCountry "ESP"]
[BlackTeamCountry "ESP"]

1. Nf3 Nf6 2. c4 e6 3. g3 a6 4. Bg2 b5 5. b3 Bb7 6. O-O c5 7. Nc3 Qb6 8. Re1 d6
9. e4 Nc6 10. Nd5 exd5 11. exd5+ Ne5 12. Nxe5 dxe5 13. Rxe5+ Kd8 14. Bb2 bxc4
15. Bc3 Bd6 16. Rf5 Re8 17. bxc4 Bc8 18. Rg5 Rb8 19. Rc1 Bf8 20. d4 h6 21. Qd2
hxg5 22. Ba5 Nd7 23. Rb1 Bd6 24. Bxb6+ Rxb6 25. Rxb6 Nxb6 26. Qa5 Bc7 27. d6
Bxd6 28. Qxb6+ Bc7 29. Qb1 cxd4 30. h3 Ba5 31. Kh2 Kc7 32. Qd3 Rd8 33. Qa3 Bb6
34. c5 Ba7 35. Qa5+ Kd7 36. c6+ 1-0

[Event "Madrid-chT 1920"]
[Site "Madrid"]
[Date "2020.01.11"]
[Round "4.3"]
[White "Rubio Mejia, Luis Ignacio"]
[Black "Khamrakulov, Ibragim S"]
[Result "1/2-1/2"]
[WhiteElo "2426"]
[BlackElo "2417"]
[PlyCount "79"]
[EventDate "2019.11.24"]
[EventType "team-tourn"]
[EventRounds "14"]
[EventCountry "ESP"]
[SourceVersionDate "2019.11.24"]
[WhiteTeam "Virgen de Atocha"]
[BlackTeam "Villalba 64"]
[WhiteTeamCountry "ESP"]
[BlackTeamCountry "ESP"]

1. d4 Nf6 2. c4 e6 3. Nc3 Bb4 4. Qc2 c5 5. dxc5 Bxc5 6. Nf3 h6 7. Bf4 Nh5 8.
Bd2 Nc6 9. Ne4 Be7 10. Bc3 f5 11. Ng3 Nf6 12. e4 fxe4 13. Nxe4 O-O 14. O-O-O
Qc7 15. Nxf6+ Bxf6 16. Bd3 d5 17. Kb1 Qb6 18. Bxf6 Rxf6 19. a3 Kh8 20. Qe2 Qc5
21. Rc1 Nd4 22. Nxd4 Qxd4 23. f3 Bd7 24. Rhe1 Kg8 25. Qe3 Qxe3 26. Rxe3 Bc6 27.
Rce1 Bd7 28. Re5 dxc4 29. Bxc4 Kf7 30. h4 Rc8 31. Bb3 Ke7 32. R1e3 Rc6 33. g3
Kd6 34. f4 Rf5 35. Rd3+ Ke7 36. Rxd7+ Kxd7 37. Bxe6+ Rxe6 38. Rxf5 Rg6 39. Rd5+
Ke6 40. Rd3 1/2-1/2

[Event "Madrid-chT 1920"]
[Site "Madrid"]
[Date "2020.01.11"]
[Round "4.4"]
[White "Ruperez Benito, Antonio"]
[Black "Cabrera Trujillo, Jorge Juan"]
[Result "1-0"]
[WhiteElo "2339"]
[BlackElo "2294"]
[PlyCount "63"]
[EventDate "2019.11.24"]
[EventType "team-tourn"]
[EventRounds "14"]
[EventCountry "ESP"]
[SourceVersionDate "2019.11.24"]
[WhiteTeam "Villalba 64"]
[BlackTeam "Virgen de Atocha"]
[WhiteTeamCountry "ESP"]
[BlackTeamCountry "ESP"]

1. e4 c5 2. Nf3 d6 3. Bb5+ Nd7 4. O-O a6 5. Bd3 g6 6. c3 Bg7 7. Bc2 e5 8. d4
Ne7 9. Be3 O-O 10. dxe5 dxe5 11. Qd6 Re8 12. Bb3 h6 13. Rd1 b6 14. Na3 Ra7 15.
Nc4 Qc7 16. Qd2 g5 17. Nd6 Rf8 18. Bxg5 hxg5 19. Nxg5 b5 20. Bxf7+ Rxf7 21.
Ngxf7 Nf8 22. Qg5 Neg6 23. Nxc8 Qxc8 24. Nd6 Qe6 25. Nf5 Bf6 26. Qg4 Rh7 27.
Rd6 Qf7 28. Rad1 Kh8 29. g3 a5 30. Rb6 b4 31. c4 a4 32. Rdd6 1-0

[Event "Madrid-chT 1920"]
[Site "Madrid"]
[Date "2020.01.11"]
[Round "4.5"]
[White "Rodrigo Yanguas, Maria"]
[Black "Guerrero Vargas, Andres Jesus"]
[Result "0-1"]
[WhiteElo "2098"]
[BlackElo "2347"]
[PlyCount "52"]
[EventDate "2019.11.24"]
[EventType "team-tourn"]
[EventRounds "14"]
[EventCountry "ESP"]
[SourceVersionDate "2019.11.24"]
[WhiteTeam "Virgen de Atocha"]
[BlackTeam "Villalba 64"]
[WhiteTeamCountry "ESP"]
[BlackTeamCountry "ESP"]

1. e4 e5 2. Nf3 Nc6 3. Bb5 a6 4. Ba4 Nf6 5. O-O b5 6. Bb3 Bc5 7. a4 Rb8 8. axb5
axb5 9. c3 d6 10. h3 O-O 11. Bc2 Bb6 12. Re1 Re8 13. d4 h6 14. Na3 exd4 15.
cxd4 Ra8 16. Rb1 d5 17. e5 Ne4 18. Nxb5 Nb4 19. Ba4 Bd7 20. Nd2 Nxf2 21. Kxf2
Nd3+ 22. Ke2 Nxe1 23. Kxe1 Qh4+ 24. Kf1 Bxb5+ 25. Bxb5 Qxd4 26. Qf3 Rxe5 0-1

[Event "Madrid-chT 1920"]
[Site "Madrid"]
[Date "2020.01.11"]
[Round "4.6"]
[White "Lopez del Alamo, Antonio"]
[Black "Avila Fraire, Ameyalli"]
[Result "1-0"]
[WhiteElo "2268"]
[BlackElo "1990"]
[PlyCount "51"]
[EventDate "2019.11.24"]
[EventType "team-tourn"]
[EventRounds "14"]
[EventCountry "ESP"]
[SourceVersionDate "2019.11.24"]
[WhiteTeam "Villalba 64"]
[BlackTeam "Virgen de Atocha"]
[WhiteTeamCountry "ESP"]
[BlackTeamCountry "ESP"]

1. e4 c5 2. Nf3 d6 3. d4 cxd4 4. Nxd4 Nf6 5. Nc3 Nc6 6. Be2 e5 7. Nb3 Be6 8.
O-O Be7 9. Be3 a6 10. Nd5 Bxd5 11. exd5 Na5 12. c4 O-O 13. Rc1 Nxb3 14. Qxb3
Qd7 15. f4 e4 16. f5 Rfe8 17. Bd4 Rac8 18. Rc3 Bd8 19. Rg3 Qc7 20. Qe3 Kh8 21.
Qg5 Rg8 22. Rf4 Qa5 23. Bc3 Qc5+ 24. Kh1 Ne8 25. Qh5 Rf8 26. Rh3 1-0

[Event "Madrid-chT 1920"]
[Site "Madrid"]
[Date "2020.01.18"]
[Round "5.1"]
[White "Martinez Reyes, Pedro Ramon"]
[Black "Espinosa Aranda, Angel"]
[Result "1/2-1/2"]
[WhiteElo "2407"]
[BlackElo "2504"]
[PlyCount "51"]
[EventDate "2019.11.24"]
[EventType "team-tourn"]
[EventRounds "14"]
[EventCountry "ESP"]
[SourceVersionDate "2019.11.24"]
[WhiteTeam "Blanco y Negro"]
[BlackTeam "Virgen de Atocha"]
[WhiteTeamCountry "ESP"]
[BlackTeamCountry "ESP"]

1. Nf3 d5 2. g3 g6 3. Bg2 Bg7 4. d4 Nd7 5. O-O Ngf6 6. c3 O-O 7. Re1 b6 8. c4
e6 9. cxd5 exd5 10. Nc3 Bb7 11. Bf4 a6 12. Rc1 Re8 13. Ne5 Nf8 14. Nd3 Rc8 15.
Be5 N8d7 16. Bf4 Ne4 17. Nb4 c6 18. f3 Nxc3 19. bxc3 c5 20. Nc2 cxd4 21. cxd4
Rc4 22. e3 Qe7 23. g4 Rec8 24. Qd2 Nf8 25. Bf1 Rc3 26. Na1 1/2-1/2

[Event "Madrid-chT 1920"]
[Site "Madrid"]
[Date "2020.01.18"]
[Round "5.2"]
[White "Almagro Llamas, Pablo"]
[Black "Sanchez Saez, Francisco"]
[Result "0-1"]
[WhiteElo "2471"]
[BlackElo "2339"]
[PlyCount "72"]
[EventDate "2019.11.24"]
[EventType "team-tourn"]
[EventRounds "14"]
[EventCountry "ESP"]
[SourceVersionDate "2019.11.24"]
[WhiteTeam "Virgen de Atocha"]
[BlackTeam "Blanco y Negro"]
[WhiteTeamCountry "ESP"]
[BlackTeamCountry "ESP"]

1. d4 Nf6 2. Nf3 c5 3. d5 e6 4. c4 exd5 5. cxd5 d6 6. Nc3 g6 7. e4 Bg7 8. Be2
O-O 9. h3 Re8 10. Nd2 Na6 11. O-O Bd7 12. Bxa6 bxa6 13. Re1 Rb8 14. a3 Nh5 15.
Nf3 h6 16. Qd3 Bb5 17. Qc2 Rb7 18. Nxb5 axb5 19. e5 dxe5 20. Qxc5 Rd7 21. Qxb5
Rxd5 22. Qa4 e4 23. Nh2 Re7 24. Be3 Kh7 25. Rad1 f5 26. Rxd5 Qxd5 27. g4 Nf6
28. Rd1 Qe6 29. gxf5 gxf5 30. Qb5 Nh5 31. Bc5 Rf7 32. Rd6 Qa2 33. Qe8 Bxb2 34.
Ng4 Nf6 35. Nxf6+ Bxf6 36. Qe6 Qa1+ 0-1

[Event "Madrid-chT 1920"]
[Site "Madrid"]
[Date "2020.01.18"]
[Round "5.3"]
[White "Ballester Llagaria, Luis Eduardo"]
[Black "Rubio Mejia, Luis Ignacio"]
[Result "1-0"]
[WhiteElo "2316"]
[BlackElo "2426"]
[PlyCount "59"]
[EventDate "2019.11.24"]
[EventType "team-tourn"]
[EventRounds "14"]
[EventCountry "ESP"]
[SourceVersionDate "2019.11.24"]
[WhiteTeam "Blanco y Negro"]
[BlackTeam "Virgen de Atocha"]
[WhiteTeamCountry "ESP"]
[BlackTeamCountry "ESP"]

1. e4 c6 2. Nc3 d5 3. Nf3 Bg4 4. h3 Bxf3 5. Qxf3 Nf6 6. d3 e6 7. Bd2 Bb4 8.
O-O-O d4 9. Nb1 Bxd2+ 10. Nxd2 O-O 11. g4 a5 12. g5 Ne8 13. Qg3 a4 14. a3 b5
15. h4 b4 16. Nc4 bxa3 17. bxa3 Nd7 18. h5 Nb6 19. g6 Nxc4 20. dxc4 fxg6 21.
hxg6 h6 22. c5 Qe7 23. Bc4 Ra5 24. Qe5 Rf6 25. Rh5 Rxg6 26. f4 Kh7 27. f5 Rg5
28. Bxe6 Qxc5 29. Qxc5 Rxc5 30. Rxg5 1-0